000 00264nam a2200109Ia 4500
005 20251222154407.0
008 251222s9999||||xx |||||||||||||| ||spa||
082 _a868.9/A11
100 _a"Abad, Mercedes"
245 0 _aLigeros libertinajes sabéticos
942 _cLIB
999 _c35529
_d35529